| 000 | 00424nam a22001577a 4500 | ||
|---|---|---|---|
| 003 | SGT | ||
| 082 |
_a615.53 _bS98A |
||
| 100 | _aACHARYA, SHREE RAM SHARMA | ||
| 245 | _aSUKSHIMIKARAN EVAM UZZAWAL BHAVISHYA KA AWTARAN- PART 2 - 29 | ||
| 250 | _a2ND | ||
| 260 |
_aMATHURA _bAAKHAND JYOTI SANSTHAN _c1998 |
||
| 300 | _a6.73 | ||
| 650 | _aAYURVEDA | ||
| 653 | _aSUKSHIMIKARAN, UZZAWAL, BHAVISHYA, AWTARAN | ||
| 942 |
_2ddc _cRARE |
||
| 999 |
_c25496 _d25496 |
||